Interviews with Indian writers : (Record no. 128364)

MARC details
000 -LEADER
fixed length control field 00801nam a22002537a 4500
005 - DATE AND TIME OF LATEST TRANSACTION
control field 20170124110038.0
010 ## - LIBRARY OF CONGRESS CONTROL NUMBER
LC control number A-541631
020 ## - INTERNATIONAL STANDARD BOOK NUMBER
Terms of availability 00.00
International Standard Book Number 8170186994
035 ## - SYSTEM CONTROL NUMBER
System control number A-541631
037 ## - SOURCE OF ACQUISITION
Source of stock number/acquisition Cen Lib/Ret
040 ## - CATALOGING SOURCE
Original cataloging agency DPL
Language of cataloging EN
082 ## - DEWEY DECIMAL CLASSIFICATION NUMBER
Classification number 808.86
Item number RAN
100 ## - MAIN ENTRY--PERSONAL NAME
Personal name Ranavir, Rangra
9 (RLIN) 23171
245 ## - TITLE STATEMENT
Title Interviews with Indian writers :
Remainder of title by Rangra Ranavir
Statement of responsibility, etc covering thirtyfive writers of fifteen languages /
260 ## - PUBLICATION, DISTRIBUTION, ETC. (IMPRINT)
Place of publication, distribution, etc New Delhi
Name of publisher, distributor, etc B.R.Publishing corporation
Date of publication, distribution, etc 1992
270 ## - ADDRESS
Address 1,Ansari Road Darya Ganj
City New Delhi
Postal code 110002
300 ## - PHYSICAL DESCRIPTION
Extent 245p.
Dimensions 21cm(Hb)
490 ## - SERIES STATEMENT
Series statement New world literature series-48
500 ## - GENERAL NOTE
General note Includes glossary
650 ## - SUBJECT ADDED ENTRY--TOPICAL TERM
Topical term or geographic name as entry element Authors, Indic
9 (RLIN) 23172
650 ## - SUBJECT ADDED ENTRY--TOPICAL TERM
Topical term or geographic name as entry element Indic literature
9 (RLIN) 23173
700 ## - ADDED ENTRY--PERSONAL NAME
9 (RLIN) 22863
942 ## - ADDED ENTRY ELEMENTS (KOHA)
Source of classification or shelving scheme Dewey Decimal Classification
Koha item type English Books
Classification part 808.86
Call number suffix RAN
Holdings
Withdrawn status Lost status Damaged status Not for loan Home library Current library Date acquired Source of acquisition Cost, normal purchase price Total Checkouts Full call number Barcode Date last seen Copy number Cost, replacement price Price effective from Koha item type Public note
Written off       Central Library Central Library 02/07/2015 Cen Lib/Ret 0.00   808.86 RAN A-541631 02/07/2015 1 0.00 02/07/2015 English Books Written off on approval by DLB (By Circulation); dtd 15-06-2023

© Delhi Public Library
Hit Counter
free hit counter